000 00753nam a2200289Ia 4500
005 20260324133201.0
008 008 260324s9999 xx 000 0 eng d
020 _a9780203427521
037 _aEBOOK
040 _aCRL
040 _beng
040 _cCRL
041 _2eng
041 _aeng
084 _qCRL
100 _aNicholas A. Vacc; Susan B. DeVaney; Johnston M. Brendel
_91192107
245 0 _aCounseling Multicultural and Diverse Populations
245 0 _bStrategies for Practitioners, Fourth Edition
260 _bTaylor and Francis
260 _c2003
365 _a
365 _b105
856 _uhttp://www.taylorfrancis.com/books/9780203427521
942 _cEBOOK
999 _c1790935
_d1790935